[Event "DM 2026 G7 A"]
[Site "Svendborg"]
[Date "2026.04.02"]
[Round "3.2"]
[White "Eriksen, Oscar Weiss"]
[Black "Andersen, Rune"]
[Result "1/2-1/2"]
[WhiteElo "1973"]
[BlackElo "2051"]
[WhiteFideId "1474804"]
[BlackFideId "1405683"]
[EventDate "2026.03.31"]
[EventType "swiss"]
[EventRounds "7"]
[EventCountry "DEN"]
[SourceTitle "Live v. Kasper Jerwiarz"]

1. e4 c5 2. d4 cxd4 3. c3 Nf6 4. e5 Nd5 5. Nf3 Nc6 6. Bc4 Nb6 7. Bb3 d5 8. exd6 Qxd6 9. cxd4 Be6 10. O-O Bxb3 11. Qxb3 e6 12. Nc3 Qd7 13. Re1 Be7 14. Bf4 O-O 15. Rad1 1/2-1/2

[Event "DM 2026 G7 A"]
[Site "Svendborg"]
[Date "2026.04.02"]
[Round "3.3"]
[White "Ramsdal, Mikkel"]
[Black "Balton, Tim"]
[Result "0-1"]
[WhiteElo "1995"]
[BlackElo "2039"]
[WhiteFideId "1438484"]
[BlackFideId "1478060"]
[EventDate "2026.03.31"]
[EventType "swiss"]
[EventRounds "7"]
[EventCountry "DEN"]
[SourceTitle "Live v. Kasper Jerwiarz"]

1. d4 d5 2. c4 Nc6 3. e3 e5 4. dxe5 d4 5. exd4 Qxd4 6. Qxd4 Nxd4 7. Bd3 Bg4 8. Nc3 O-O-O 9. Bg5 Be7 10. Bxe7 Nxe7 11. h3 Bf5 12. Bxf5+ Nexf5 13. O-O-O Rhe8 14. g4 Nh4 15. f4 Ng2 16. Nge2 Ne6 17. Rxd8+ Kxd8 18. Rf1 Ne3 19. Rf3 Nxc4 20. Nb5 a6 21. Nbd4 g6 22. Rd3 Kc8 23. Nxe6 Rxe6 24. Nd4 Re7 25. Nf3 h6 26. h4 Rd7 27. Rc3 Nb6 28. f5 gxf5 29. gxf5 Nd5 30. Rd3 Ne7 31. e6 Rxd3 32. f6 Rd6 33. Nd4 Ng6 34. h5 Nh4 35. e7 Kd7 0-1

[Event "DM 2026 G7 A"]
[Site "Svendborg"]
[Date "2026.04.02"]
[Round "3.4"]
[White "Hollesen, Kurt"]
[Black "Ramsdal, Lasse Andreas"]
[Result "0-1"]
[WhiteElo "1977"]
[BlackElo "1946"]
[WhiteFideId "1406817"]
[BlackFideId "1440675"]
[EventDate "2026.03.31"]
[EventType "swiss"]
[EventRounds "7"]
[EventCountry "DEN"]
[SourceTitle "Live v. Kasper Jerwiarz"]

1. e4 c5 2. c4 Nc6 3. Nc3 g6 4. g3 a6 5. Bg2 b5 6. d3 b4 7. Nce2 Bg7 8. f4 Bb7 9. Nf3 Qb6 10. O-O d6 11. h3 Rb8 12. g4 Nf6 13. Rb1 b3 14. a3 Nd7 15. Be3 Nd4 16. Nexd4 cxd4 17. Bf2 O-O 18. Qe2 Qc5 19. Kh1 a5 20. Rg1 e6 21. h4 Rbc8 22. Rbc1 Rfe8 23. g5 Nb6 24. Qd1 a4 25. Qf1 Rc7 26. Bh3 Rec8 27. Qg2 Nd7 28. Rge1 Qb6 29. Qg1 e5 30. f5 Rd8 31. Qg3 Nc5 32. Rcd1 Bc8 33. f6 Bf8 34. Bxc8 Rdxc8 35. Qg4 Nxd3 36. Rxd3 Rxc4 37. Re2 Rc1+ 38. Kg2 R8c2 39. Rdd2 Qc6 40. Ne1 Rxd2 41. Rxd2 d5 42. Re2 Rd1 43. exd5 Qxd5+ 44. Qe4 Qxe4+ 45. Rxe4 Rd2 46. Rxe5 Rxb2 47. Re8 Ra2 48. Rb8 h5 49. Nd3 Rd2 50. Ne5 b2 51. Nd7 b1=Q 52. Rxb1 Bxa3 53. Rb8+ Kh7 54. Ra8 d3 55. Rxa4 Ra2 56. Rd4 d2 57. Ne5 Bc5 58. Rd7 d1=Q 59. Rxf7+ Kg8 60. Rg7+ Kf8 61. Nxg6+ Ke8 62. f7+ Kd8 63. Rg8+ Kc7 64. f8=Q Qg4+ 65. Kf1 Qh3+ 66. Ke1 Qh1+ 0-1

[Event "DM 2026 G7 A"]
[Site "Svendborg"]
[Date "2026.04.02"]
[Round "3.5"]
[White "Jensen, Soren"]
[Black "Jensen, Morten Frank"]
[Result "1/2-1/2"]
[WhiteElo "1992"]
[BlackElo "1995"]
[WhiteFideId "1421204"]
[BlackFideId "1407325"]
[EventDate "2026.03.31"]
[EventType "swiss"]
[EventRounds "7"]
[EventCountry "DEN"]
[SourceTitle "Live v. Kasper Jerwiarz"]

1. e4 d6 2. f4 Nf6 3. Nc3 g6 4. Nf3 Bg7 5. Be2 O-O 6. d3 Nc6 7. O-O e5 8. Qe1 Bg4 9. f5 d5 10. Qh4 Bxf3 11. Rxf3 Nd4 12. Rh3 Nxe2+ 13. Nxe2 Nh5 14. Bg5 Bf6 15. Bxf6 Qxf6 16. Qf2 dxe4 17. dxe4 Qb6 1/2-1/2

[Event "DM 2026 G7 A"]
[Site "Svendborg"]
[Date "2026.04.02"]
[Round "3.6"]
[White "Leimand, Peter Martin"]
[Black "Jepsen, Thomas Tange"]
[Result "0-1"]
[WhiteElo "1987"]
[BlackElo "2008"]
[WhiteFideId "1407899"]
[BlackFideId "1405357"]
[EventDate "2026.03.31"]
[EventType "swiss"]
[EventRounds "7"]
[EventCountry "DEN"]
[SourceTitle "Live v. Kasper Jerwiarz"]

1. e4 c6 2. d4 d5 3. exd5 cxd5 4. Bd3 Nc6 5. Nf3 Bg4 6. c3 Nf6 7. h3 Bh5 8. Be3 e6 9. Nbd2 Bd6 10. a3 Rc8 11. Qb3 Qe7 12. O-O-O Bg6 13. Bxg6 hxg6 14. Kb1 O-O 15. Rde1 Na5 16. Qd1 b5 17. Ka2 Nc4 18. Nxc4 bxc4 19. Bc1 Rb8 20. Ng5 Qb7 21. g4 Rfc8 22. Qc2 Rc6 23. Re2 Rb6 24. f3 Qc7 25. Qd2 Rb3 26. h4 e5 27. dxe5 Bxe5 28. f4 Bd6 29. f5 gxf5 30. gxf5 Qb7 31. Qc2 d4 32. Ree1 dxc3 33. bxc3 Bxa3 34. Bxa3 Rxa3+ 35. Kxa3 Qa6+ 36. Qa4 Rb3+ 0-1

[Event "DM 2026 G7 A"]
[Site "Svendborg"]
[Date "2026.04.02"]
[Round "3.7"]
[White "Bjerg, Ludvig"]
[Black "Poulsen, Peter Risgaard"]
[Result "1-0"]
[WhiteElo "1958"]
[BlackElo "1898"]
[WhiteFideId "1477676"]
[BlackFideId "1407333"]
[EventDate "2026.03.31"]
[EventType "swiss"]
[EventRounds "7"]
[EventCountry "DEN"]
[SourceTitle "Live v. Kasper Jerwiarz"]

1. e4 e6 2. d4 d5 3. Nc3 Bb4 4. e5 c5 5. a3 Bxc3+ 6. bxc3 Qc7 7. Nf3 Bd7 8. Bd3 c4 9. Be2 Ba4 10. O-O Nc6 11. Ng5 h6 12. Nh3 Nge7 13. f4 O-O-O 14. Bd2 Rdg8 15. Nf2 g5 16. fxg5 hxg5 17. Nh3 Nf5 18. Bg4 Rh4 19. Bxf5 exf5 20. Rxf5 g4 21. Bg5 gxh3 22. Qf3 Rh7 23. Ra2 Nd8 24. Bxd8 Qxd8 25. g3 Qb6 26. Ra1 Bd7 27. Rxf7 Rxf7 28. Qxf7 Qe6 29. Qf3 Qf5 30. Qxd5 Rf8 31. Qxc4+ Bc6 32. Qe2 Qf3 33. Qxf3 Rxf3 34. c4 Ba4 35. Rf1 Rxf1+ 36. Kxf1 Bxc2 37. Ke2 Kd7 38. d5 b5 39. cxb5 Ba4 40. Ke3 Bxb5 41. g4 Bc4 42. Ke4 Bb3 43. g5 Ke7 44. d6+ Ke6 45. Kd4 Bc2 46. Kc5 Be4 47. Kb5 Bg6 48. Kc6 Be8+ 49. Kc7 Kxe5 50. d7 Bxd7 51. Kxd7 Kf5 52. g6 Kxg6 53. Ke6 Kg5 54. Ke5 Kg4 55. Ke4 Kh4 56. Kf4 Kh5 57. Kg3 Kg5 58. Kxh3 Kh5 59. a4 Kg5 60. a5 Kf4 61. Kg2 Kg4 62. a6 Kh4 63. Kf3 Kh3 64. Ke4 Kxh2 65. Kd5 1-0

[Event "DM 2026 G7 A"]
[Site "Svendborg"]
[Date "2026.04.02"]
[Round "3.8"]
[White "Paludan, Noah"]
[Black "Sonne, Lasse"]
[Result "1/2-1/2"]
[WhiteElo "1987"]
[BlackElo "1979"]
[WhiteFideId "1474987"]
[BlackFideId "1477161"]
[EventDate "2026.03.31"]
[EventType "swiss"]
[EventRounds "7"]
[EventCountry "DEN"]
[SourceTitle "Live v. Kasper Jerwiarz"]

1. e4 e5 2. Nf3 Nc6 3. d4 exd4 4. Bc4 Nf6 5. e5 d5 6. Bb5 Ne4 7. Nxd4 Bc5 8. Be3 O-O 9. Nxc6 bxc6 10. Bxc5 Nxc5 11. Bxc6 Rb8 12. Qxd5 Qe7 13. O-O Rd8 14. Qf3 Rxb2 15. Nc3 Ne6 16. Nd5 Qc5 17. Rad1 Rxc2 18. Ba4 Rxa2 19. Bb3 Ra3 20. Nf6+ gxf6 21. Qg4+ Kh8 22. Rxd8+ Nxd8 23. Qxc8 Qe7 24. Rd1 Rxb3 25. Rxd8+ Kg7 26. Qg4+ Kh6 27. Qh4+ Kg7 28. Qg4+ Kh6 29. Qf4+ Kg7 30. Qg4+ 1/2-1/2

[Event "DM 2026 G7 A"]
[Site "Svendborg"]
[Date "2026.04.02"]
[Round "3.9"]
[White "Juulsen, Elias Tipsmark"]
[Black "Bratholm, Palle"]
[Result "1/2-1/2"]
[WhiteElo "1933"]
[BlackElo "2061"]
[WhiteFideId "1476831"]
[BlackFideId "1404083"]
[EventDate "2026.03.31"]
[EventType "swiss"]
[EventRounds "7"]
[EventCountry "DEN"]
[SourceTitle "Live v. Kasper Jerwiarz"]

1. e4 e6 2. d4 d5 3. exd5 exd5 4. Bd3 Nf6 5. Nf3 c5 6. dxc5 Bxc5 7. O-O O-O 8. Bg5 Qb6 9. Nc3 Nbd7 10. Na4 Qd6 11. c3 h6 12. Bh4 a6 13. Nxc5 Nxc5 14. Bc2 Bg4 15. Bxf6 gxf6 16. b4 Ne6 17. Qd3 f5 18. Nd4 Nxd4 19. Qxd4 Rac8 20. h3 Rc4 21. Qd2 Bh5 22. Bb3 Rc6 23. Qxd5 Qxd5 24. Bxd5 Rxc3 25. Bxb7 Ra3 26. Rfc1 Rb8 27. Rc8+ Rxc8 28. Bxc8 f4 29. Kf1 f6 30. Be6+ Bf7 31. Bc8 Kf8 32. Kg1 Ke7 33. Re1+ Kf8 34. Be6 Ra4 35. Bxf7 Kxf7 36. Re4 Rxa2 37. Rxf4 a5 38. bxa5 Rxa5 39. Kh2 Ra3 40. g4 Kg6 41. Rf5 Rb3 42. Kg2 Ra3 43. Rb5 Rc3 44. f3 Ra3 45. h4 Kg7 46. h5 Rc3 47. Rb7+ Kg8 48. Kg3 Rc4 49. Re7 Ra4 50. Rc7 Rb4 51. Rc5 Kg7 52. Rf5 Ra4 53. Rf4 Ra5 54. Rb4 f5 55. Rb7+ Kg8 56. Rb6 fxg4 57. Rg6+ Kh7 58. Kxg4 Ra1 59. f4 Rg1+ 60. Kf5 Rh1 61. Rg4 Rxh5+ 62. Kf6 Rh1 63. f5 h5 64. Re4 h4 65. Kf7 Kh6 66. f6 Kg5 67. Ke7 Rf1 68. f7 h3 69. f8=Q Rxf8 70. Kxf8 h2 1/2-1/2

[Event "DM 2026 G7 A"]
[Site "Svendborg"]
[Date "2026.04.02"]
[Round "3.10"]
[White "Dreisler, Morten"]
[Black "Rasmussen, Victoria"]
[Result "1-0"]
[WhiteElo "2011"]
[BlackElo "1811"]
[WhiteFideId "1420593"]
[BlackFideId "1487531"]
[EventDate "2026.03.31"]
[EventType "swiss"]
[EventRounds "7"]
[EventCountry "DEN"]
[SourceTitle "Live v. Kasper Jerwiarz"]

1. Nf3 d5 2. e3 Nf6 3. c4 g6 4. cxd5 Nxd5 5. d4 Bg7 6. e4 Nb6 7. h3 c5 8. d5 O-O 9. Nc3 e6 10. Bg5 Bxc3+ 11. bxc3 f6 12. Bh6 Re8 13. d6 Nc6 14. Be3 Nd7 15. Bb5 Qa5 16. Qb3 Rb8 17. O-O a6 18. Bc4 Nde5 19. Nxe5 Nxe5 20. f4 Nxc4 21. Qxc4 b6 22. e5 Bd7 23. a4 fxe5 24. fxe5 Rf8 25. Bh6 Rxf1+ 26. Qxf1 Qxc3 27. Qf6 1-0

[Event "DM 2026 G7 A"]
[Site "Svendborg"]
[Date "2026.04.03"]
[Round "4.1"]
[White "Leimand, Jens Christian"]
[Black "Balton, Tim"]
[Result "0-1"]
[WhiteElo "2129"]
[BlackElo "2039"]
[WhiteFideId "1404270"]
[BlackFideId "1478060"]
[EventDate "2026.03.31"]
[EventType "swiss"]
[EventRounds "7"]
[EventCountry "DEN"]
[SourceTitle "Live v. Kasper Jerwiarz"]

1. d4 d5 2. c4 Nc6 3. Nc3 dxc4 4. d5 Ne5 5. f4 Nd7 6. e4 Nb6 7. a4 a5 8. Be3 e6 9. Bxb6 cxb6 10. Bxc4 Bb4 11. dxe6 Qxd1+ 12. Rxd1 Bxe6 13. Bxe6 fxe6 14. Ne2 Nf6 15. Kf2 O-O 16. e5 Ng4+ 17. Kg3 Ne3 18. Rd3 Bc5 19. Kf3 Nc4 20. Ke4 Nxb2 21. Rd7 Rad8 22. Rxd8 Rxd8 23. f5 Nd3 24. Rb1 Nf2+ 25. Kf4 Nd3+ 26. Ke4 exf5+ 27. Kxf5 g6+ 28. Ke4 Nf2+ 29. Kf4 Rf8+ 30. Kg3 Nd3 31. Ne4 Bb4 32. e6 Be1+ 33. Kh3 Nf2+ 34. Nxf2 Bxf2 35. Nc3 Re8 36. Ne4 Bd4 37. Rd1 Be5 38. Rd7 Rxe6 39. Rxb7 Bf4 40. Nf2 Be3 41. Ng4 Bg5 42. Rb8+ Kg7 43. Rb7+ Be7 44. Nf2 h5 45. g4 Kf6 46. gxh5 gxh5 47. Kh4 Kg6+ 48. Kg3 Re3+ 49. Kg2 Bc5 50. Nh3 Re4 51. Kf3 Rxa4 52. Nf4+ Kh6 53. Ne6 Rc4 54. Nxc5 bxc5 55. h4 Rxh4 56. Rb5 Ra4 57. Rxc5 Ra1 58. Kf4 Rf1+ 59. Kg3 a4 60. Ra5 Ra1 61. Kf4 a3 62. Ra6+ Kg7 63. Ra7+ Kf6 64. Ra6+ Ke7 65. Kg3 Kd7 66. Kg2 Kc7 67. Ra5 Kb6 68. Ra8 Kb5 69. Rh8 Ra2+ 70. Kg3 Rc2 71. Rb8+ Kc4 72. Kh4 a2 73. Ra8 Kc3 74. Kxh5 Kb2 75. Rb8+ Kc1 76. Ra8 Kb1 0-1

[Event "DM 2026 G7 A"]
[Site "Svendborg"]
[Date "2026.04.03"]
[Round "4.2"]
[White "Eriksen, Oscar Weiss"]
[Black "Justesen, Asger"]
[Result "1/2-1/2"]
[WhiteElo "1973"]
[BlackElo "2086"]
[WhiteFideId "1474804"]
[BlackFideId "1476173"]
[EventDate "2026.03.31"]
[EventType "swiss"]
[EventRounds "7"]
[EventCountry "DEN"]
[SourceTitle "Live v. Kasper Jerwiarz"]

1. e4 e6 2. d4 d5 3. Nd2 Be7 4. Ngf3 Nf6 5. e5 Nfd7 6. Bd3 c5 7. c3 Nc6 8. O-O g5 9. Nb1 h5 10. Be3 b6 11. a3 Bb7 12. b4 c4 13. Be2 g4 14. Ne1 Qc7 15. Nd2 O-O-O 16. a4 f6 17. b5 Na5 18. exf6 Bd6 19. f4 Rdf8 20. g3 Nxf6 21. Ng2 Kb8 22. Qe1 Qh7 23. Bd1 Bc8 24. Ra2 Ne8 25. Bc2 Qg8 26. Nh4 Rf6 27. Rf2 Qf7 28. Nf1 Ng7 29. Re2 Nf5 30. Bxf5 exf5 31. Bf2 Rfh6 32. Re3 Re6 33. Rxe6 Bxe6 34. Re2 Bd7 35. Ne3 Re8 36. Nd1 Rxe2 37. Qxe2 a6 38. Ne3 axb5 39. axb5 Be7 40. Nexf5 Bxh4 41. Qe5+ Ka8 42. Nxh4 Nb7 43. f5 Bxb5 44. Be3 Nd8 45. Ng6 Nc6 46. Qh8+ Nb8 47. Bf4 Be8 48. Qxh5 Qa7 49. Qxg4 Qa1+ 50. Kg2 Qb2+ 51. Kh3 Qxc3 52. Bxb8 Kxb8 53. Ne5 Qc2 54. Qf4 Qe4 55. Qxe4 dxe4 56. Nxc4 b5 57. Nb2 Kc7 58. g4 Kd6 59. g5 Kd5 60. Kg3 Kxd4 61. g6 Kc3 62. h4 Kxb2 63. h5 Kc2 64. f6 e3 65. f7 Bxf7 66. gxf7 e2 67. f8=Q e1=Q+ 68. Qf2+ Qxf2+ 69. Kxf2 b4 70. h6 b3 71. h7 b2 72. h8=Q b1=Q 73. Qe8 1/2-1/2

[Event "DM 2026 G7 A"]
[Site "Svendborg"]
[Date "2026.04.03"]
[Round "4.3"]
[White "Andersen, Rune"]
[Black "Bjerg, Ludvig"]
[Result "1-0"]
[WhiteElo "2051"]
[BlackElo "1958"]
[WhiteFideId "1405683"]
[BlackFideId "1477676"]
[EventDate "2026.03.31"]
[EventType "swiss"]
[EventRounds "7"]
[EventCountry "DEN"]
[SourceTitle "Live v. Kasper Jerwiarz"]

1. d4 Nf6 2. c4 e6 3. Nc3 d5 4. Nf3 c6 5. Bg5 Nbd7 6. cxd5 exd5 7. e3 Bd6 8. Bd3 O-O 9. O-O Re8 10. Qc2 h6 11. Bh4 Nf8 12. e4 dxe4 13. Nxe4 Be7 14. Nxf6+ Bxf6 15. Bxf6 Qxf6 16. Rfe1 Rxe1+ 17. Rxe1 Be6 18. a4 Rd8 19. Re3 Bd5 20. Ne5 Ne6 21. Qc3 Qf4 22. Nf3 Bxf3 23. Rxf3 Qxd4 24. Qb3 Qd5 25. Qxd5 cxd5 26. b4 Rc8 27. g3 Rc3 28. Bh7+ Kxh7 29. Rxc3 Kg6 30. Kg2 Kf5 31. Rf3+ Kg6 32. Rd3 d4 33. f4 f5 34. Kf3 Kf6 35. h4 g6 36. Rd1 Ke7 37. Re1 h5 38. Re5 Kd6 39. Ke2 a6 40. Kd3 Nd8 41. b5 axb5 42. Rxb5 Ne6 43. Kc4 Kc6 44. a5 d3 45. Rb6+ Kc7 46. Kxd3 Nf8 47. Rf6 1-0

[Event "DM 2026 G7 A"]
[Site "Svendborg"]
[Date "2026.04.03"]
[Round "4.4"]
[White "Ramsdal, Lasse Andreas"]
[Black "Jepsen, Thomas Tange"]
[Result "1/2-1/2"]
[WhiteElo "1946"]
[BlackElo "2008"]
[WhiteFideId "1440675"]
[BlackFideId "1405357"]
[EventDate "2026.03.31"]
[EventType "swiss"]
[EventRounds "7"]
[EventCountry "DEN"]
[SourceTitle "Live v. Kasper Jerwiarz"]

1. d4 d5 2. Nf3 Nf6 3. g3 Bf5 4. Bg2 e6 5. c4 c6 6. Nbd2 Be7 7. Qb3 Qb6 8. c5 Qxb3 9. axb3 Nbd7 10. b4 Bc2 11. O-O O-O 12. Ra3 Rfe8 13. Nb3 b6 14. Bf4 Nh5 15. Be3 a5 16. bxa5 Bxb3 17. Rxb3 bxc5 18. Rb7 Nhf6 19. Ra1 Ra6 20. g4 cxd4 21. Bxd4 c5 22. Bc3 Rb8 23. Rxb8+ Nxb8 24. Ne5 Nfd7 25. Nxd7 Nxd7 26. e3 Bf6 27. Bf1 Ra7 28. Bxf6 gxf6 29. b3 Ne5 30. a6 Nf3+ 31. Kg2 Nd2 32. Ra3 h6 33. Bb5 Nb1 34. Ra1 Nd2 35. Ra3 Nb1 36. Ra5 Nd2 37. Ba4 c4 38. b4 Nb3 39. Bxb3 cxb3 40. Ra1 Rxa6 41. Rb1 Rb6 42. Rxb3 Kf8 43. Kg3 e5 44. f4 Rb5 45. f5 Ke7 46. Kf3 Kd6 47. Ke2 Rb8 48. h3 Rh8 49. Ra3 Rb8 50. Ra6+ Ke7 51. Ra7+ Ke8 52. Ra4 Ke7 53. Kd3 Kd7 54. Ra7+ Ke8 55. Ra4 Ke7 56. Kc3 Rc8+ 57. Kd2 Rb8 58. Kd3 Kf8 59. Kc3 Rc8+ 60. Kb2 Rc4 61. Ra8+ Kg7 62. Rb8 Re4 63. b5 Rxe3 64. b6 Re2+ 65. Kc1 Re1+ 66. Kd2 Rb1 67. b7 d4 68. Kd3 Rb4 69. h4 Rb3+ 70. Kc4 Rb1 71. Kd3 Rb3+ 72. Ke4 Rb5 73. Kd3 1/2-1/2

[Event "DM 2026 G7 A"]
[Site "Svendborg"]
[Date "2026.04.03"]
[Round "4.5"]
[White "Jensen, Morten Frank"]
[Black "Ramsdal, Mikkel"]
[Result "1-0"]
[WhiteElo "1995"]
[BlackElo "1995"]
[WhiteFideId "1407325"]
[BlackFideId "1438484"]
[EventDate "2026.03.31"]
[EventType "swiss"]
[EventRounds "7"]
[EventCountry "DEN"]
[SourceTitle "Live v. Kasper Jerwiarz"]

1. d4 Nf6 2. Nc3 e6 3. Bf4 Bb4 4. e3 Nd5 5. Ne2 Nxf4 6. Nxf4 d5 7. Bd3 b6 8. O-O c5 9. dxc5 bxc5 10. a3 Bxc3 11. bxc3 c4 12. Bxc4 Nc6 13. Bb5 Bd7 14. c4 dxc4 15. Bxc4 Ne5 16. Be2 Qc7 17. Qd2 O-O 18. c4 Bc6 19. Rfd1 Rfd8 20. Qb2 Ba4 21. Rxd8+ Rxd8 22. Rc1 a5 23. Qc3 Qc5 24. Nd3 Nxd3 25. Bxd3 Bc6 26. Bf1 h5 27. h3 Be4 28. g3 h4 29. Bg2 Qc6 30. Bxe4 Qxe4 31. Qxa5 Rd3 32. Qg5 hxg3 33. Qxg3 Rxa3 34. Qb8+ Kh7 35. Qb1 Qxb1 36. Rxb1 Rc3 37. Rb4 g5 38. Kf1 Kg6 39. Ke2 Kh5 40. Kd2 Ra3 41. c5 Ra6 42. Rc4 Rc6 43. Kc3 e5 44. Kb4 f5 45. Kb5 Rc8 46. c6 e4 47. Kb6 Kh4 48. Rc5 Rf8 49. c7 Kxh3 50. Rxf5 Rxf5 51. c8=Q 1-0

[Event "DM 2026 G7 A"]
[Site "Svendborg"]
[Date "2026.04.03"]
[Round "4.6"]
[White "Hollesen, Kurt"]
[Black "Jensen, Soren"]
[Result "1-0"]
[WhiteElo "1977"]
[BlackElo "1992"]
[WhiteFideId "1406817"]
[BlackFideId "1421204"]
[EventDate "2026.03.31"]
[EventType "swiss"]
[EventRounds "7"]
[EventCountry "DEN"]
[SourceTitle "Live v. Kasper Jerwiarz"]

1. c4 a6 2. e4 e5 3. Nc3 Nc6 4. g3 Bc5 5. Bg2 d6 6. h3 Be6 7. d3 Nf6 8. Nge2 h6 9. O-O Qd7 10. Kh2 g5 11. Nd5 Bxd5 12. cxd5 Nd4 13. Nxd4 Bxd4 14. Be3 Bxe3 15. fxe3 Qe7 16. Rf5 Nd7 17. Qh5 Rh7 18. Raf1 Nf8 19. Rf6 c6 20. Rxh6 Rxh6 21. Qxh6 O-O-O 22. Qg7 Rd7 23. Bf3 Kb8 24. Bh5 Ng6 25. Bxg6 fxg6 26. Qxe7 Rxe7 27. dxc6 Re6 28. cxb7 Kxb7 29. Kg2 Kb6 30. Rf8 Kc5 31. Kf3 Re7 32. Rc8+ Kb5 33. Kg4 Rh7 34. Rg8 Rh6 35. b3 Kc5 36. a3 Kb5 37. Rd8 Kc5 38. b4+ Kc6 39. a4 Rh7 40. Rc8+ Kb6 41. Rg8 Rh6 42. a5+ Kc7 43. Rg7+ Kc6 44. Ra7 Kb5 45. Rb7+ Ka4 46. Rb6 Rh8 47. Rxd6 Kxb4 48. Rxa6 Kc3 49. Rd6 Kd2 50. Rd5 Kxe3 51. a6 Re8 52. a7 Ra8 53. Rd7 Re8 54. Kxg5 Kf3 55. g4 Kg3 56. h4 Kf3 57. Rb7 Ra8 58. Re7 1-0

[Event "DM 2026 G7 A"]
[Site "Svendborg"]
[Date "2026.04.03"]
[Round "4.7"]
[White "Sonne, Lasse"]
[Black "Dreisler, Morten"]
[Result "1-0"]
[WhiteElo "1979"]
[BlackElo "2011"]
[WhiteFideId "1477161"]
[BlackFideId "1420593"]
[EventDate "2026.03.31"]
[EventType "swiss"]
[EventRounds "7"]
[EventCountry "DEN"]
[SourceTitle "Live v. Kasper Jerwiarz"]

1. e4 c5 2. d4 cxd4 3. c3 dxc3 4. Nxc3 Nc6 5. Nf3 d6 6. Bc4 a6 7. O-O Nf6 8. Bf4 e6 9. Qe2 Nh5 10. Be3 Be7 11. Rfd1 Bd7 12. Bb3 g6 13. Rac1 O-O 14. Nd2 b5 15. f4 b4 16. Na4 e5 17. f5 Bg5 18. Nf3 Nf4 19. Qd2 gxf5 20. Nxg5 Qxg5 21. Nb6 Nd4 22. Bxd4 exd4 23. Nxd7 d3 24. Kh1 Qg4 25. Nf6+ 1-0

[Event "DM 2026 G7 A"]
[Site "Svendborg"]
[Date "2026.04.03"]
[Round "4.8"]
[White "Poulsen, Peter Risgaard"]
[Black "Paludan, Noah"]
[Result "1/2-1/2"]
[WhiteElo "1898"]
[BlackElo "1987"]
[WhiteFideId "1407333"]
[BlackFideId "1474987"]
[EventDate "2026.03.31"]
[EventType "swiss"]
[EventRounds "7"]
[EventCountry "DEN"]
[SourceTitle "Live v. Kasper Jerwiarz"]

1. c4 Nf6 2. Nc3 e5 3. e4 Bc5 4. f4 d6 5. Be2 a6 6. d3 Nc6 7. f5 Nd4 8. Nh3 c6 9. Nf2 d5 10. O-O b5 11. Kh1 bxc4 12. dxc4 Nxe2 13. Qxe2 d4 14. Na4 Be7 15. Nd3 Qc7 16. c5 a5 17. Re1 Ba6 18. Qf3 Rb8 19. Nxe5 Rb4 20. Bf4 Rxa4 21. Qb3 Rb4 22. Qxf7+ Kd8 23. Qe6 Bc4 24. Nxc6+ Ke8 25. Bxc7 Bxe6 26. Nxb4 axb4 27. fxe6 Bxc5 28. Rac1 Be7 29. Bd6 Bxd6 30. Rc8+ Ke7 31. Rxh8 d3 32. g3 d2 33. Rd1 Nxe4 34. Kg2 Be5 35. Kf3 Ng5+ 36. Ke3 Bxb2 37. Kxd2 Bc3+ 38. Kc2 g6 39. Kb3 Bxh8 40. Kxb4 Nxe6 41. a4 Bd4 42. Kb5 Bf2 43. Kc6 Nd4+ 44. Kd5 Nf5 45. Rb1 h5 46. a5 Kf6 47. a6 Kg5 48. Rb4 1/2-1/2

[Event "DM 2026 G7 A"]
[Site "Svendborg"]
[Date "2026.04.03"]
[Round "4.9"]
[White "Leimand, Peter Martin"]
[Black "Juulsen, Elias Tipsmark"]
[Result "0-1"]
[WhiteElo "1987"]
[BlackElo "1933"]
[WhiteFideId "1407899"]
[BlackFideId "1476831"]
[EventDate "2026.03.31"]
[EventType "swiss"]
[EventRounds "7"]
[EventCountry "DEN"]
[SourceTitle "Live v. Kasper Jerwiarz"]

1. e4 c5 2. Nc3 g6 3. g3 Bg7 4. Bg2 Nc6 5. d3 d6 6. f4 e6 7. Nf3 Nge7 8. O-O O-O 9. Ne2 b5 10. c3 a5 11. Rb1 b4 12. c4 a4 13. Be3 Qb6 14. Qe1 Bb7 15. Qf2 Rfc8 16. h3 b3 17. a3 f5 18. e5 Na5 19. Rfd1 Qc7 20. exd6 Qxd6 21. Rd2 Qc7 22. g4 Ra6 23. g5 Rd6 24. Rbd1 Rd7 25. h4 e5 26. Nxe5 Bxe5 27. fxe5 Bxg2 28. Kxg2 Qxe5 29. Nc3 Qe6 30. Qf3 Nac6 31. Nxa4 Ne5 32. Qf4 Ng4 33. Bxc5 Qc6+ 34. Qf3 Qxa4 35. Bb4 Qa8 36. Re2 Qxf3+ 37. Kxf3 Nc6 38. Bc3 Rcd8 39. Red2 Nce5+ 40. Ke2 Kf7 41. c5 Re7 0-1

[Event "DM 2026 G7 A"]
[Site "Svendborg"]
[Date "2026.04.03"]
[Round "4.10"]
[White "Bratholm, Palle"]
[Black "Rasmussen, Victoria"]
[Result "1/2-1/2"]
[WhiteElo "2061"]
[BlackElo "1811"]
[WhiteFideId "1404083"]
[BlackFideId "1487531"]
[EventDate "2026.03.31"]
[EventType "swiss"]
[EventRounds "7"]
[EventCountry "DEN"]
[SourceTitle "Live v. Kasper Jerwiarz"]

1. Nf3 Nf6 2. b3 g6 3. Bb2 Bg7 4. e3 c5 5. c4 O-O 6. Be2 b6 7. Qc2 Bb7 8. Nc3 Nc6 9. a3 e6 10. Rd1 Re8 11. O-O a6 12. Rfe1 Qc7 13. Bf1 Rad8 14. Ne2 d6 15. d4 Ne7 16. Ng3 Bxf3 17. gxf3 cxd4 18. Bxd4 Nc6 19. Bc3 Rd7 20. f4 Ne7 21. Qb2 Nh5 22. Nxh5 Bxc3 23. Qxc3 gxh5 24. Qf6 Qc5 25. Bh3 Ng6 26. f5 exf5 27. Bxf5 Rde7 28. Bxg6 hxg6 29. Qxd6 Qg5+ 30. Qg3 Qc5 31. Qd6 1/2-1/2

[Event "DM 2026 G7 A"]
[Site "Svendborg"]
[Date "2026.04.04"]
[Round "5.1"]
[White "Balton, Tim"]
[Black "Eriksen, Oscar Weiss"]
[Result "1/2-1/2"]
[WhiteElo "2039"]
[BlackElo "1973"]
[WhiteFideId "1478060"]
[BlackFideId "1474804"]
[EventDate "2026.03.31"]
[EventType "swiss"]
[EventRounds "7"]
[EventCountry "DEN"]
[SourceTitle "Live v. Kasper Jerwiarz"]

1. d4 d5 2. e3 Nf6 3. Bd3 c5 4. c3 Nc6 5. f4 Bg4 6. Nf3 e6 7. O-O Bd6 8. dxc5 Bxc5 9. b4 Bb6 10. a4 a5 11. b5 Ne7 12. h3 Bf5 13. Nd4 Bxd3 14. Qxd3 Rc8 15. Nd2 O-O 16. Ba3 Re8 17. Rac1 Bc5 18. Bxc5 Rxc5 19. Rc2 g6 1/2-1/2